বাংলাদেশ-বার্মা সম্পর্ক / (Record no. 18417)
[ view plain ]
| 000 -LEADER | |
|---|---|
| fixed length control field | 00993nam a22002057a 4500 |
| 003 - CONTROL NUMBER IDENTIFIER | |
| control field | BDDh-ASL |
| 005 - DATE AND TIME OF LATEST TRANSACTION | |
| control field | 20231015025715.0 |
| 008 - FIXED-LENGTH DATA ELEMENTS--GENERAL INFORMATION | |
| fixed length control field | 200929b1984 ||||| b||| 001 0 d |
| 040 ## - CATALOGING SOURCE | |
| Original cataloging agency | BDDh-ASL |
| Transcribing agency | BDDh-ASL |
| Modifying agency | BDDh-ASL |
| 041 ## - LANGUAGE CODE | |
| Language code of text/sound track or separate title | Bengali |
| 082 ## - DEWEY DECIMAL CLASSIFICATION NUMBER | |
| Classification number | 327.5492 |
| Item number | CHB |
| 100 1# - MAIN ENTRY--PERSONAL NAME | |
| Personal name | চক্রবত্র্তী রতন লাল |
| 9 (RLIN) | 1251 |
| 245 1# - TITLE STATEMENT | |
| Title | বাংলাদেশ-বার্মা সম্পর্ক / |
| Statement of responsibility, etc. | রতন লাল চক্রবর্তী। |
| 246 ## - VARYING FORM OF TITLE | |
| Title proper/short title | Bangladesh-Burma Samparka. |
| 260 ## - PUBLICATION, DISTRIBUTION, ETC. | |
| Place of publication, distribution, etc. | ঢাকা: |
| Name of publisher, distributor, etc. | ঢাকা বিশ্ববিদ্যালয়, |
| Date of publication, distribution, etc. | ১৯৮৪। |
| 300 ## - PHYSICAL DESCRIPTION | |
| Extent | ২৪২ পৃষ্ঠা: |
| Other physical details | ম্যাপ; |
| Dimensions | ২২ সে. মি.। |
| 504 ## - BIBLIOGRAPHY, ETC. NOTE | |
| Bibliography, etc. note | গ্রন্থপঞ্জি ও নির্ঘন্ট সংযুক্ত। |
| 651 #0 - SUBJECT ADDED ENTRY--GEOGRAPHIC NAME | |
| 9 (RLIN) | 1246 |
| Geographic name | বাংলাদেশ বার্মা সম্পর্ক |
| General subdivision | আন্তর্জাতিক সম্পর্ক |
| 942 ## - ADDED ENTRY ELEMENTS (KOHA) | |
| Source of classification or shelving scheme | Dewey Decimal Classification |
| Koha item type | Books |
| Withdrawn status | Lost status | Source of classification or shelving scheme | Damaged status | Not for loan | Collection code | Home library | Current library | Shelving location | Date acquired | Source of acquisition | Total Checkouts | Full call number | Barcode | Date last seen | Copy number | Price effective from | Koha item type | Public note |
|---|---|---|---|---|---|---|---|---|---|---|---|---|---|---|---|---|---|---|
| Dewey Decimal Classification | Non-fiction | Asiatic Society Library | Asiatic Society Library | General Stacks | 09/29/2020 | ASB Collection | 327.5492 CHB | 101603 | 09/29/2020 | C-1 | 09/29/2020 | Books | ||||||
| Dewey Decimal Classification | Non-fiction | Asiatic Society Library | Asiatic Society Library | General Stacks | 09/29/2020 | ASB Collection | 327.5492 CHB | 101604 | 09/29/2020 | C-2 | 09/29/2020 | Books | ||||||
| Dewey Decimal Classification | Non-fiction | Asiatic Society Library | Asiatic Society Library | General Stacks | 09/29/2020 | ASB Collection | 327.5492 CHB | 101605 | 09/29/2020 | C-3 | 09/29/2020 | Books | ||||||
| Dewey Decimal Classification | Non-fiction | Asiatic Society Library | Asiatic Society Library | General Stacks | 09/29/2020 | ASB Collection | 327.5492 CHB | 101606 | 09/29/2020 | C-4 | 09/29/2020 | Books | ||||||
| Dewey Decimal Classification | Non-fiction | Asiatic Society Library | Asiatic Society Library | Sirajul Islam Collection | 04/29/2022 | Donated by Prof. Sirajul Islam FRHS | 327.5492 CHB | 116711 | 04/29/2022 | C-5 | 04/29/2022 | Books | RARE |